000 00609nam a2200241Ia 4500
001 16811
003 GE_BSU
008 181216s||||||||xx |||||||||||||| ||und||
020 _a9781780984469
040 _cGE_BSU
080 _a811.111(075.8)
100 _aEvans, Virginia. Dooley,Jenny
245 _aPrime Time 2. Workbook & Grammar Book
260 _aNewbury
260 _bExpress Publishing
260 _c2012
300 _a135p.ill.30cm.
541 _h17Gel.46T.
653 _aPrime Time 2
653 _aWorkbook & Grammar Book
653 _aინგლისური ენა
942 _cBK
999 _c49876
_d49876